Tratados Morales

Gespeichert in:
Bibliographische Detailangaben
1. Verfasser: Séneca, Lucio Anneo
Format: Buch
Sprache:Undetermined
Veröffentlicht: México, Distrito Federal Universidad Autonoma 1946
Schlagworte:
Tags: Tag hinzufügen
Keine Tags, Fügen Sie den ersten Tag hinzu!

MARC

LEADER 00000nam a2200000Ia 4500
008 170316s9999 xx 000 0 und d
090 |a 100 S-36tm v.2 
100 |a Séneca, Lucio Anneo 
245 |a Tratados Morales 
260 |a México, Distrito Federal 
260 |b Universidad Autonoma 
260 |c 1946 
300 |a 468 páginas Tomo 2. 
650 |a FILOSOFÍA 
999 |c 17632  |d 17632 
040 |a cru BVZT 
942 |c 15 D  |h 100 S-36tm v.2  |2 z